|
|
|
|
| LEADER |
00000nam0a2200000 4500 |
| 001 |
86591 |
| 005 |
20231031101631.0 |
| 035 |
|
|
|a (RuTPU)RU\TPU\book\92989
|
| 090 |
|
|
|a 86591
|
| 100 |
|
|
|a 20051128d1959 m y0rusy50 ca
|
| 101 |
0 |
|
|a rus
|
| 102 |
|
|
|a RU
|
| 105 |
|
|
|a a z 001zy
|
| 200 |
1 |
|
|a Электролюминесценция
|f А. П. Мицкевич
|g Всесоюзный институт научной и технической информации
|
| 210 |
|
|
|a Москва
|c ВИНИТИ
|d 1959
|
| 215 |
|
|
|a 128 с.
|c ил.
|
| 320 |
|
|
|a Библиогр. в конце книги
|
| 610 |
1 |
|
|a электролюминесценция
|
| 610 |
1 |
|
|a источники света
|
| 610 |
1 |
|
|a оптоэлектронные схемы
|
| 610 |
1 |
|
|a спектры
|
| 675 |
|
|
|a 535
|v 3
|
| 700 |
|
1 |
|a Мицкевич
|b А. П.
|
| 712 |
0 |
2 |
|a Академия наук СССР (АН СССР)
|b Всесоюзный институт научной и технической информации (ВИНИТИ)
|c (Москва)
|2 stltpush
|3 (RuTPU)RU\TPU\col\8361
|
| 801 |
|
1 |
|a RU
|b 63413507
|c 20051128
|g PSBO
|
| 801 |
|
2 |
|a RU
|b 63413507
|c 20080808
|g PSBO
|
| 942 |
|
|
|c BK
|